Statistics for Airlines at Luis Munoz Marin International Airport in 1981

Click here to take the quiz!

General Stats

  • This quiz has been taken 33 times
    (7 since last reset)
  • The average score is 10 of 27

Answer Stats

HintAnswer% Correct
DFWAmerican
100%
CDGAir France
83%
ATLDelta
83%
MADIberia
83%
MIAPan Am
83%
FRALufthansa
67%
MEXMexicana
67%
BOGAvianca
50%
SDQDominicana
33%
MIAEastern
33%
SJUPrinair
33%
CCSViasa
33%
STTAero Virgin Islands
17%
PAPAir Haiti
17%
KINAir Jamaica
17%
SJUAir Puerto Rico/Diaz Aviation
17%
CURALM/Air ALM
17%
LGWBritish Caledonian
17%
POSBWIA|BWEE
17%
JFKCapitol
17%
DDSDorado Wings/Crown Air
17%
MEMFederal Express|Fed Ex
17%
JFKFlying Tigers
17%
SJUOceanair
17%
SJUTol Air
17%
VQSVieques Air Link
17%
YYRWardair
17%

Score Distribution

Percentile by Number Answered

Percent of People with Each Score

Your Score History

You have not taken this quiz since the last reset